Library of the University of Algiers 3
Ibrahim Sultan Cheibout
شعار جامعة الجزائر 3
مكتبة جامعة الجزائر 3
إبراهيم سلطان شيبوط

قياس التبعية في الوطن العربي / (رقم التسجيلة. 43263)

تفاصيل مارك
000 -LEADER
fixed length control field 00959nam a2200205Ia 4500
003 - CONTROL NUMBER IDENTIFIER
control field Ost
005 - DATE AND TIME OF LATEST TRANSACTION
control field 20260507075136.0
008 - FIXED-LENGTH DATA ELEMENTS--GENERAL INFORMATION
fixed length control field 260507s9999||||xx |||||||||||||| ||und||
040 ## - CATALOGING SOURCE
Transcribing agency fsecg
041 ## - LANGUAGE CODE
Language code of text/sound track or separate title ara
082 ## - DEWEY DECIMAL CLASSIFICATION NUMBER
Classification number 330
100 ## - MAIN ENTRY--PERSONAL NAME
Personal name العيسوي، ابراهيم
Relator term مؤلف
245 #0 - TITLE STATEMENT
Title قياس التبعية في الوطن العربي /
Statement of responsibility, etc. ابراهيم العيسوي
260 ## - PUBLICATION, DISTRIBUTION, ETC.
Place of publication, distribution, etc. بيروت:
Name of publisher, distributor, etc. مركز دراسات الوحدة العربية,
Date of publication, distribution, etc. 1989
300 ## - PHYSICAL DESCRIPTION
Extent 264 صفحة؛
Other physical details إيضاحات ؛
Dimensions 24 سم
520 ## - SUMMARY, ETC.
Summary, etc. الإطار النظري- الإطار التطبيقي (مصر- الجزائر- السعودية)-مؤشرات العناصر الحاكمة لهامش المناورة- مؤشرات التبعية الإقتصادية - التبعية الغذائية- التبعية الثقافية- التبعية العسكرية.
653 ## - INDEX TERM--UNCONTROLLED
Uncontrolled term التبعية
653 ## - INDEX TERM--UNCONTROLLED
Uncontrolled term الوطن العربي
942 ## - ADDED ENTRY ELEMENTS (KOHA)
Koha item type كتب
المقتنيات
Withdrawn status Lost status Source of classification or shelving scheme Damaged status Not for loan Home library Current library Date acquired Serial enumeration / chronology Inventory number Total checkouts Full call number Barcode Date last seen Price effective from Koha item type
    Dewey Decimal Classification   NOT LOAN / إعارة داخلية مكتبة كلية العلوم الإقتصادية والعلوم التجارية وعلوم التسيير مكتبة كلية العلوم الإقتصادية والعلوم التجارية وعلوم التسيير 07/05/2026 الطابق الأرضي 2185/1   أ/2185ن1 2185/1 07/05/2026 07/05/2026 كتب
    Dewey Decimal Classification   Available مكتبة كلية العلوم الإقتصادية والعلوم التجارية وعلوم التسيير مكتبة كلية العلوم الإقتصادية والعلوم التجارية وعلوم التسيير 07/05/2026 الطابق الثاني 2185/2   أ/2185ن2 2185/2 07/05/2026 07/05/2026 كتب

موارد الويب المفتوحة


© University of Algiers 3 All Rights Reserved
|
Implemented by LECHELAH Riad